| 000 | 00000nam 2200000za 4500 |
| 001 | 9.695409 |
| 003 | CaOODSP |
| 005 | 20241115081926 |
| 007 | cr ||||||||||| |
| 008 | 150407|1995||||xxc|||||o f|0| 0 eng d |
| 040 | |aCaOODSP|beng |
| 043 | |an-cn--- |
| 086 | 1 |aH49-102/1995E-PDF |
| 110 | 1 |aCanada. |bDrugs Directorate. |
| 245 | 10|aReport of the National Consensus Conference on Safety of Organs and Tissues for Transplantation |h[electronic resource] |
| 260 | |aOttawa - Ontario : |bHealth Canada. |cc1995. |
| 300 | |a55p.|bfig., table |
| 500 | |a"The goal of the conference was to reach agreement on methods to reduce the risks of disease transmission by organs and tissues intended for transplantation."--Executive summary, p.5 of 55. |
| 500 | |a"October 29-31, 1995 Ottawa"--p.2 of 55. The catalogue number (H49-102/1995E) and ISBN (0-662-24153-3) for the print edition have been incorrectly copied in this electronic publication. |
| 520 | 3 |aThe goal of the conference was to reach agreement on methods to reduce the risks of disease transmission by organs and tissues intended for transplantation.--Executive summary, p.5 of 55. |
| 590 | |a12-15-Supp|b2012-04-13 |
| 690 | 07|aOrgan transplants|2gcpds |
| 775 | 08|tRapport de la Conférence consensuelle nationale sur la sécurité des organes et des tissus destinés aux greffes |w(CaOODSP)9.639547 |
| 776 | 0#|tReport of the National Consensus Conference on the Safety of Tissues and Organs for Transplantation : |w(CaOODSP)9.646125 |
| 856 | 40|ahttp://publications.gc.ca|qPDF|s134 KB|uhttps://publications.gc.ca/collections/Collection/H49-102-1995E.pdf |